Statistics for The Vampire Diaries Character Trivia Quiz

Click here to take the quiz!

General Stats

  • This quiz has been taken 2,361 times
  • The average score is 10 of 15

Answer Stats

Hint Answer % Correct
Nina DobrevElena Gilbert
99%
Ian SomerhalderDamon Salvatore
99%
Kat GrahamBonnie Bennett
98%
Paul WesleyStefan Slavatore
98%
Candice AccolaCaroline Forbes
97%
Zach RoerigMatt Donovan
94%
Michael TrevinoTyler Lockwood
92%
Steven R. McQueenJeremy Gilbert
87%
Matthew DavisAlaric Saltzman
86%
Sara CanningJenna Sommers
75%
Arielle KebbelLexi
41%
Lauren CohanRose
25%
Marguerite MacIntyreLiz Forbes
25%
Jasmine GuyShelia Bennett
17%
David AlpayAtticus Shane
14%

Score Distribution

Percentile by Number Answered

Percent of People with Each Score

Your Score History

You have not taken this quiz